000 00390nam a2200133 i 4500
001 76533
003 ES-MaACL
007 t|
008 041004q1944 sp ||||1| spa d
245 0 0 _aGuía de la industria eléctrica nacional.
260 _aMadrid :
_bGabel,
_c[1944?] (
_eSegovia :
_fArtes Gráficas)
300 _aLXXII, 407 p. :
_bil. ;
_c24 cm.
852 _aES-MaACL
_jE-18236
_bR.22329
999 _c76533
_d76533